00126 a2200073 450000100060000010000130000624500100001926000230002922819 aClark, J aHunza abHutchinsonc1957